000 00673 a2200193 4500
001 63281
005 20260407155929.0
008 260407a1967 arg spa d
003 AR-UNSa-BCEJYS
040 _aAR-UNSa-BCEJYS
_bspa
_cAR-UNSa-BCEJYS
080 _a51-7
_xEstudios y métodos matemáticos en otros campos del conocimiento. Matemáticas científicas. Matemáticas actuariales (Matemáticas Financieras)
245 1 0 _aEjercicios prácticos de matemática financiera
_p(100 ejercicios)
264 1 _aBuenos Aires :
_bERGON
_c1967
300 _a80 p.
_c26 cm.
041 _aspa
942 _cBK
590 _aniveau_biblio:m niveau_hierar:0
100 1 _aBotbol, José
999 _c8091
_d8091